subdivision de Premier degrés des Pays-Bas - Statistiques

Statistiques générales
  • Ce quiz a été pris 18 fois
  • Le résultat moyen est 6 sur 7
Statistiques - réponses
Par images Réponse % Correct
Curaçao
100%
Pays-Bas
100%
Aruba
92%
Saint-Martin
92%
Bonaire
77%
Saint-Eustache
69%
Saba
62%
Aucun quiz correspondant
Distribution des résultats
% des personnes avec chaque résultat
Percentile par nombre de réponses
Votre historique - résultats
Vous n’avez pas pris ce quiz